<?xml version="1.0" encoding="UTF-8"?>
<record
    xmlns:xsi="http://www.w3.org/2001/XMLSchema-instance"
    xsi:schemaLocation="http://www.loc.gov/MARC21/slim http://www.loc.gov/standards/marcxml/schema/MARC21slim.xsd"
    xmlns="http://www.loc.gov/MARC21/slim">

  <leader>05668nam a2200577Ii 4500</leader>
  <controlfield tag="001">DIGPUVAL0331</controlfield>
  <controlfield tag="003">NyNyDIG</controlfield>
  <controlfield tag="008">150901t20082008sp ab   ob    100 0 eng d</controlfield>
  <controlfield tag="006">m     o  d        </controlfield>
  <controlfield tag="007">cr |||||||||||</controlfield>
  <datafield tag="020" ind1=" " ind2=" ">
    <subfield code="a">9788437086835</subfield>
    <subfield code="q">(eBook)</subfield>
  </datafield>
  <datafield tag="020" ind1=" " ind2=" ">
    <subfield code="a">9788437070285</subfield>
  </datafield>
  <datafield tag="020" ind1=" " ind2=" ">
    <subfield code="a">8437070287</subfield>
  </datafield>
  <datafield tag="035" ind1=" " ind2=" ">
    <subfield code="a">(OCoLC)991960295</subfield>
  </datafield>
  <datafield tag="040" ind1=" " ind2=" ">
    <subfield code="a">DGITA</subfield>
    <subfield code="b">eng</subfield>
    <subfield code="e">rda</subfield>
    <subfield code="e">pn</subfield>
    <subfield code="c">DGITA</subfield>
  </datafield>
  <datafield tag="041" ind1="0" ind2=" ">
    <subfield code="a">eng</subfield>
    <subfield code="a">fre</subfield>
    <subfield code="a">spa</subfield>
  </datafield>
  <datafield tag="043" ind1=" " ind2=" ">
    <subfield code="a">mm-----</subfield>
  </datafield>
  <datafield tag="050" ind1="1" ind2="4">
    <subfield code="a">TS1767 eBook</subfield>
  </datafield>
  <datafield tag="111" ind1="2" ind2=" ">
    <subfield code="a">Symposium Internacional sobre Textiles y Tintes del Mediterr&#xE1;no en el Mundo Antiguo</subfield>
    <subfield code="n">(2nd :</subfield>
    <subfield code="d">2005 :</subfield>
    <subfield code="c">Athens, Greece)</subfield>
  </datafield>
  <datafield tag="245" ind1="1" ind2="0">
    <subfield code="a">Vestidos, textiles y tintes :</subfield>
    <subfield code="b">estudios sobre la producci&#xF3;n de bienes de consumo en la antig&#xFC;edad : actas del II Symposium Internacional sobre Textiles y Tintes del Mediterr&#xE1;no en el Mundo Antiguo, Atenas, 24 al 26 de noviembre, 2005 /</subfield>
    <subfield code="c">C. Alfaro y L. Karali, editores.</subfield>
  </datafield>
  <datafield tag="250" ind1=" " ind2=" ">
    <subfield code="a">Edici&#xF3;n digital.</subfield>
  </datafield>
  <datafield tag="264" ind1=" " ind2="1">
    <subfield code="a">Val&#xE8;ncia :</subfield>
    <subfield code="b">Publicacions de la Universitat de Val&#xE8;ncia,</subfield>
    <subfield code="c">2008.</subfield>
  </datafield>
  <datafield tag="264" ind1=" " ind2="4">
    <subfield code="c">&#xA9;2008</subfield>
  </datafield>
  <datafield tag="300" ind1=" " ind2=" ">
    <subfield code="a">1 online resource (280 pages) :</subfield>
    <subfield code="b">illustrations (some color), maps.</subfield>
  </datafield>
  <datafield tag="336" ind1=" " ind2=" ">
    <subfield code="a">text</subfield>
    <subfield code="b">txt</subfield>
    <subfield code="2">rdacontent</subfield>
  </datafield>
  <datafield tag="337" ind1=" " ind2=" ">
    <subfield code="a">computer</subfield>
    <subfield code="b">c</subfield>
    <subfield code="2">rdamedia</subfield>
  </datafield>
  <datafield tag="338" ind1=" " ind2=" ">
    <subfield code="a">online resource</subfield>
    <subfield code="b">cr</subfield>
    <subfield code="2">rdacarrier</subfield>
  </datafield>
  <datafield tag="490" ind1="1" ind2=" ">
    <subfield code="a">Purpureae vestes.</subfield>
    <subfield code="a">Textiles and dyes in antiquity ;</subfield>
    <subfield code="v">2</subfield>
  </datafield>
  <datafield tag="504" ind1=" " ind2=" ">
    <subfield code="a">Includes bibliographical references.</subfield>
  </datafield>
  <datafield tag="505" ind1="0" ind2=" ">
    <subfield code="a">Protohistoric weaving, the Minoan loom-weights: a first approach / Carol Cheval -- Textile industry indicators in Minoan work areas: problems of typology and interpretation / Maria E. Alberti -- Premi&#xE8;re attestation de laine sur le site protohistorique d'Akrotiri &#xE0; Th&#xE9;ra / Christophe Moulherat, Youlie Spantidaki -- Preliminary results of the reconstruction of Theran textiles / Stella Spantidaki -- Classical and Hellenistic textile production at Euesperides (Benghazi, Libya): preliminary results / Est&#xED;baliz T&#xE9;bar, Andrew Wilson -- Auratae vestes: gold textiles in the ancient Mediterranean / Margarita Gleba -- Clothing materials during the Hellenistic period / Sotirios D. Lambropoulos -- Hellenistic loom-weights from Western Crete / Iris Tzachili -- Les vestiges textiles de la n&#xE9;cropole celto-etrusque de Monte Tamburino &#xE0; Monte Bibele (Monterenzio -- Bologne) / Christophe Moulherat -- Two radiocarbon dated linen fabrics with samite trimmings in the collection of Katoen Natie, Antwerp / Chris Verhecken-Lammens, Antoine De Moor -- Sea-silk in Aquincum: first production proof in antiquity / Felicitas Maeder -- Roman looms: a study of craftsmanship and technology in the Mons Claudianus Textile Project / Martin Ciszuk, Lena Hammarlund -- Self-bands and other subtle patterns in Roman textiles / Lise Bender J&#xF8;rgensen -- Roman cotton revisited / John Peter Wild, Felicity C. Wild, A.J. Clapham -- V&#xEA;tements "romans" au Louvre / Roberta Cortopassi -- A closer look to cartoons for weavers from Graeco-Roman Egypt / Annemarie Stauffer -- Excavated archaeological textiles in Greece: past, present and future / G. Moraitou, C. Margariti -- Small scale purple-dye production in the Bronze Age of Northern Greece: the evidence from the Thessaloniki Toumba / Rena Veropoulidou, Stelios Andreou, Kostas Kotsakis -- Purple dyes in the environment and history of the Aegean: a short review / Llilian Karali, F. Megaloudi -- Teindre comme &#xE0; Pomp&#xE9;i: approche exp&#xE9;rimentale / Marie-Pierre Puybaret, Philippe Borgard, Roger Z&#xE9;rubia -- Methodological aspects of purple dye production on Ibiza: the new site of Cala Olivera / Carmen Alfaro, Benjam&#xED; -- Un taller de p&#xFA;rpura tardorromano en Carteia (Baetica, Hispania): avance de las excavaciones preventivas en el conchero de Villa Victoria (2005) / Dar&#xED;o Bernal [and others] -- New murex shell spreads on Ibiza: preliminary results of the first prospection campaign / &#xC1;ngel Aleixandre, Mart&#xED;n Pastor -- Mapping Mediterranean murex middens with a Geographical Information Systems (GIS) / Dora Constantinidis -- Purple dyes in prehistoric Japan / Daisuke Yamaguchi -- Remarques sur l'Ars purpuraria / Christine Macheboeuf -- Tyrian purple dyeing: an experimental approach with fresh Murex trunculus / Inge Boesken Kanold, Rolf Haubrichs -- Call for information on archaeological spindle whorls / Andr&#xE9; Verhecken -- MED - COLOUR - TECH: investigation, revival and optimisation of traditional Mediterranean colouring technology for the conservation of the cultural heritage / Sophia Sotiropoulou.</subfield>
  </datafield>
  <datafield tag="546" ind1=" " ind2=" ">
    <subfield code="a">Papers in English, French and Spanish.</subfield>
  </datafield>
  <datafield tag="588" ind1="0" ind2=" ">
    <subfield code="a">Online resource; title from PDF title page (Digitalia, viewed September 8, 2015)</subfield>
  </datafield>
  <datafield tag="650" ind1=" " ind2="0">
    <subfield code="a">Textile fabrics, Ancient</subfield>
    <subfield code="z">Mediterranean Region</subfield>
    <subfield code="v">Congresses.</subfield>
  </datafield>
  <datafield tag="650" ind1=" " ind2="0">
    <subfield code="a">Textile industry</subfield>
    <subfield code="z">Mediterranean Region</subfield>
    <subfield code="x">History</subfield>
    <subfield code="v">Congresses.</subfield>
  </datafield>
  <datafield tag="650" ind1=" " ind2="0">
    <subfield code="a">Dyes and dyeing</subfield>
    <subfield code="x">Textile fibers</subfield>
    <subfield code="z">Mediterranean Region</subfield>
    <subfield code="x">History</subfield>
    <subfield code="v">Congresses.</subfield>
  </datafield>
  <datafield tag="651" ind1=" " ind2="0">
    <subfield code="a">Mediterranean Region</subfield>
    <subfield code="x">Antiquities</subfield>
    <subfield code="v">Congresses.</subfield>
  </datafield>
  <datafield tag="650" ind1=" " ind2="0">
    <subfield code="a">Murex trunculus</subfield>
    <subfield code="z">Mediterranean Region</subfield>
    <subfield code="v">Congresses.</subfield>
  </datafield>
  <datafield tag="655" ind1=" " ind2="0">
    <subfield code="a">Electronic books.</subfield>
  </datafield>
  <datafield tag="700" ind1="1" ind2=" ">
    <subfield code="a">Karal&#x113;, L.,</subfield>
    <subfield code="e">editor.</subfield>
  </datafield>
  <datafield tag="700" ind1="1" ind2=" ">
    <subfield code="a">Alfaro Giner, Carmen,</subfield>
    <subfield code="e">editor.</subfield>
  </datafield>
  <datafield tag="700" ind1="1" ind2=" ">
    <subfield code="a">Kanold, Inge Boesken,</subfield>
    <subfield code="e">editor.</subfield>
  </datafield>
  <datafield tag="700" ind1="1" ind2=" ">
    <subfield code="a">Haubrichs, Rolf,</subfield>
    <subfield code="e">editor.</subfield>
  </datafield>
  <datafield tag="740" ind1="0" ind2="2">
    <subfield code="a">Tyrian purple dyeing.</subfield>
  </datafield>
  <datafield tag="791" ind1="2" ind2=" ">
    <subfield code="a">Digitalia (Firm),</subfield>
    <subfield code="e">distributor.</subfield>
  </datafield>
  <datafield tag="793" ind1="0" ind2=" ">
    <subfield code="g">Digitalia eBook Collection:</subfield>
    <subfield code="a">Universitat de Val&#xE8;ncia.</subfield>
  </datafield>
  <datafield tag="776" ind1="0" ind2="8">
    <subfield code="i">Print version:</subfield>
    <subfield code="t">Vestidos, textiles y tintes.</subfield>
    <subfield code="d">Val&#xE8;ncia : Publicacions de la Universitat de Val&#xE8;ncia, 2008.</subfield>
    <subfield code="z">9788437070285</subfield>
    <subfield code="w">(OCoLC)271432221</subfield>
  </datafield>
  <datafield tag="830" ind1=" " ind2="0">
    <subfield code="a">Purpureae vestes ;</subfield>
    <subfield code="v">2.</subfield>
  </datafield>
  <datafield tag="856" ind1="4" ind2="0">
    <subfield code="3">Digitalia Hisp&#xE1;nica</subfield>
    <subfield code="u">https://www.digitaliapublishing.com/a/35310/</subfield>
  </datafield>
  <datafield tag="910" ind1=" " ind2=" ">
    <subfield code="a">Premium Collection: 2015</subfield>
  </datafield>
  <datafield tag="942" ind1=" " ind2=" ">
    <subfield code="c">RAA</subfield>
  </datafield>
  <datafield tag="952" ind1=" " ind2=" ">
    <subfield code="0">0</subfield>
    <subfield code="1">0</subfield>
    <subfield code="4">0</subfield>
    <subfield code="7">0</subfield>
    <subfield code="8">DEH</subfield>
    <subfield code="a">BD-UIN</subfield>
    <subfield code="b">BD-UIN</subfield>
    <subfield code="d">2025-04-25</subfield>
    <subfield code="l">0</subfield>
    <subfield code="r">2025-04-25</subfield>
    <subfield code="w">2025-04-25</subfield>
    <subfield code="y">RAA</subfield>
  </datafield>
  <datafield tag="999" ind1=" " ind2=" ">
    <subfield code="c">242982</subfield>
    <subfield code="d">242982</subfield>
  </datafield>
</record>
